000 00505nam a2200157 a 4500
001 000028428
005 20200930054934.0
008 110408s1955 dr 000 0 spa d
040 _aDO-SdBNP
_bspa
_cBNPHU
082 _axxxx
_bP912s
100 1 _aPrats-Ramírez, Francisco
_952032
245 1 0 _aSigue su vieja aventura el viejo aventurero Ángel Morales. /
_cFrancisco Prats-Ramírez.
260 _aCiudad Trujillo, República Dominicana :
_bMontalvo,
_c1955.
300 _a9 p. ;
_c24 cm.
049 _aBNPD
999 _c27920
_d27920